000 00574nam a2200241Ia 4500
005 20260306150917.0
008 008 260114s9999 xx 000 0 eng d
020 _a9781846159206
037 _aEbook
040 _aCRL
040 _beng
040 _cCRL
041 _2eng
041 _aeng
084 _qCRL
245 0 _aMédicos escritores en España, 1885-1955
260 _bBoydell and Brewer
260 _c2010
650 _aLiterary Studies
856 _uhttps://www.degruyter.com/isbn/9781846159206
942 _cEBOOK
999 _c1700674
_d1700674